• 首页
  • 本馆介绍
  • 公告通知
  • 最新文献
  • 馆藏检索
  • 电子资源
  • 读者导购
  • 参考咨询
  • 我的图书馆
  • 登录
  • 详细信息显示
  • 放入我的书架
  • 预约/预借图书
  • 作者相关作品
  • 分类相关作品
  • 丛书相关作品
  • 出版社相关作品

书目信息

  • 表格格式
  • 工作单格式
  • 卡片格式
题名:
体育理论教程
    
 
作者: 何永超 编著
分册:  
出版信息: 北京   北京体育大学出版社  2004
页数: 260页
开本: 20cm
丛书名:
单 册:
中图分类: G80
科图分类:
主题词: 体育理论--高等学校--教材 , 体育理论
电子资源:
ISBN: 7-81100-139-X
000 00774nam0 2200241 450
001 002683905
005 20061104091540.53
010    @a7-81100-139-X@dCNY20.00
100    @a20040719d2004 em y0chiy0110 ea
101 0  @achi
102    @aCN@b110000
105    @aa z 000yy
200 1  @a体育理论教程@9ti yu li lun jiao cheng@f何永超编著
210    @a北京@c北京体育大学出版社@d2004
215    @a260页@c照片@d20cm
300    @a普通高等学校教材
330    @a该教材对体育的本质特征、形成与发展、体育的概念与功能、奥林匹克运动、学校体育与运动训练、营养与运动能力等内容进行了阐述。
606 0  @a体育理论@x高等学校@x教材
606 0  @a体育理论
690    @aG80@v4
701  0 @a何永超@9he yong chao@f(1958.9~)@4编著
801  0 @aCN@bNLC@c20061104
905    @a10447@dG80@e196
    
    体育理论教程/何永超编著.-北京:北京体育大学出版社,2004
    260页:照片;20cm
    普通高等学校教材
    
    ISBN 7-81100-139-X:CNY20.00
    该教材对体育的本质特征、形成与发展、体育的概念与功能、奥林匹克运动、学校体育与运动训练、营养与运动能力等内容进行了阐述。
●
相关链接 在E读中查询图书 在五车中查询图书 在当当中查询图书 在豆瓣中查询图书


正题名:体育理论教程     索取号:G80/196         预约/预借

序号 登录号 条形码 馆藏地/架位号 状态 备注
1 0380702   203807023   第一样本阅览室/ [索取号:G80/196] 在馆    
2 0380703   203807032   第四借阅区/ [索取号:G80/196] 在馆    
3 0380704   203807041   第四借阅区/ [索取号:G80/196] 在馆    
4 0380705   203807050   第四借阅区/ [索取号:G80/196] 在馆    
5 0380706   203807069   第四借阅区/ [索取号:G80/196] 在馆    
唐山师范学院图书馆 欢迎您!
大连网信软件有限公司© 版权所有